000 00211 a2200097 4500
001 447
100 _aJae
245 _aIntroduction to analytic geometry and algebra
260 _a
_bRinehart
_c
090 _c66
_d66
942 _aNUST-CAE
_cM
_c33155
999 _c235520
_d235520